书目信息 |
| 题名: |
大学生职业生涯规划
|
|
| 作者: | 边慧敏 主编 | |
| 分册: | ||
| 出版信息: | 成都 西南财经大学出版社 2007.02 |
|
| 页数: | 307页 | |
| 开本: | 24cm | |
| 丛书名: | ||
| 单 册: | ||
| 中图分类: | G647.38 | |
| 科图分类: | ||
| 主题词: | 大学生--da xue sheng--职业选择 | |
| 电子资源: | ||
| ISBN: | 978-7-81088-671-0 | |
| 000 | 00859nam0 2200229 450 | |
| 001 | 012008677477 | |
| 005 | 20080507080109.26 | |
| 010 | @a978-7-81088-671-0@dCNY32.00 | |
| 100 | @a20080506d2007 em y0chiy0120 ea | |
| 101 | 0 | @achi |
| 102 | @aCN@b510000 | |
| 105 | @ak z 000yy | |
| 106 | @ar | |
| 200 | 1 | @a大学生职业生涯规划@Ada xue sheng zhi ye sheng ya gui hua@f边慧敏主编@Fbian hui min zhu bian |
| 210 | @a成都@c西南财经大学出版社@d2007.02 | |
| 215 | @a307页@d24cm | |
| 330 | @a我国高等教育已进入了国际公认的大众化发展阶段。2006年全国高校毕业生已达到413万,大学生面临着越来越激烈的就业竞争。本书深入探讨了当代大学生职业生涯设计的理论和实践问题,具有前瞻性和预见性。 | |
| 606 | 0 | @a大学生@Ada xue sheng@x职业选择 |
| 690 | @aG647.38@v4 | |
| 701 | 0 | @a边慧敏@Abian hui min@4主编 |
| 801 | 0 | @aCN@bQSSK@c20080507 |
| 905 | @b705725-27@dG647.38@eB785@f3 | |
| 大学生职业生涯规划/边慧敏主编.-成都:西南财经大学出版社,2007.02 |
| 307页;24cm |
| ISBN 978-7-81088-671-0:CNY32.00 |
| 我国高等教育已进入了国际公认的大众化发展阶段。2006年全国高校毕业生已达到413万,大学生面临着越来越激烈的就业竞争。本书深入探讨了当代大学生职业生涯设计的理论和实践问题,具有前瞻性和预见性。 |
| ● |
| 相关链接 |
|
|
|
正题名:大学生职业生涯规划
索取号:G647.38/B785
 
预约/预借
| 序号 | 登录号 | 条形码 | 馆藏地/架位号 | 状态 | 备注 |
| 1 | 705725 | 207057254 | 社科库409/409社科库 13排2列3层/ [索取号:G647.38/B785] | 在馆 | |
| 2 | 705726 | 207057263 | 社科库409/409社科库 13排2列3层/ [索取号:G647.38/B785] | 在馆 | |
| 3 | 705727 | 207057272 | 社科库409/409社科库 13排2列3层/ [索取号:G647.38/B785] | 在馆 |